|
|
|
|
| LEADER |
01211nam a22003134a 4500 |
| 001 |
4505 |
| 003 |
BD-DhAAL |
| 005 |
20150627093234.0 |
| 008 |
150627s2000 enk b 001 0 eng |
| 010 |
|
|
|a 00043475
|
| 020 |
|
|
|a 1856498646 (Hb)
|
| 020 |
|
|
|a 1856498654 (Pb)
|
| 040 |
|
|
|a DLC
|c DLC
|d DLC
|d BD-DhAAL
|
| 050 |
0 |
0 |
|a HD9018.D44
|b M33 2000
|
| 082 |
0 |
0 |
|a 382/.41/09124
|2 21
|
| 100 |
1 |
|
|a Madeley, John.
|9 12462
|
| 245 |
1 |
0 |
|a Hungry for trade :
|b how the poor pay for free trade /
|c John Madeley.
|
| 260 |
|
|
|a London ;
|a New York :
|b Zed Books ;
|a New York :
|b Distributed in the USA exclusively by St. Martin's Press,
|c 2000.
|
| 300 |
|
|
|a xii, 178 p. ;
|c 20 cm.
|
| 490 |
1 |
|
|a A global issues title
|
| 504 |
|
|
|a Includes bibliographical references (p. 162-168) and index.
|
| 541 |
|
|
|e 4505
|
| 650 |
|
0 |
|a Food supply
|z Developing countries.
|9 12463
|
| 650 |
|
0 |
|a International trade.
|9 12464
|
| 651 |
|
0 |
|a Developing countries
|x Commerce.
|9 10015
|
| 830 |
|
0 |
|a Global issues series (Zed Books)
|9 7915
|
| 942 |
|
|
|2 ddc
|c BK
|
| 999 |
|
|
|c 34841
|d 34841
|
| 952 |
|
|
|0 0
|1 0
|2 ddc
|4 0
|6 382_000000000000000__41_09124_MAD
|7 0
|9 54518
|a SCL
|b SCL
|c GEN
|d 2015-06-27
|g 350.00
|l 0
|o 382.4109124 MAD
|p 3020004505
|r 2015-06-27
|t 1
|w 2015-06-27
|y BK
|